00750nab a2200229 uc450000100070000000500170000700800410002403500110006503500210007604000130009704100080011010000280011824500770014665000160022365000270023965000340026665000310030065000320033165000140036370000390037777301040041616594420260202151458.0980306e19961201 spa  a165944 a(OCoLC)819760744 ccomduadb aspa10aPansini, Jude4auteaut13aEl cuidado médico propio y los trabajadores de las fincas de Guatemala 7aSalud2lemb aTrabajadores agricolas 7aAntropología médica2lemb 7aMedicina tradicional2lemb 7aAntropología social2lemb aGuatemala10aGonzález Alonso, Julia4auteaut0 tMesoamerica (Antigua,Guatemala)gVol. 17, No. 032, Dic. 1996, p. 315-338w162967x0252-99630176972